Nghệ thuật cải lương truyền thống gập gềnh trên đường phục hồi /

Guardat en:
Dades bibliogràfiques
Autor principal: Mai Trang.
Format: Article
Idioma:Vietnamese
Matèries:
Etiquetes: Afegir etiqueta
Sense etiquetes, Sigues el primer a etiquetar aquest registre!
Thư viện lưu trữ: Thư viện Trường Đại học Đà Lạt
LEADER 00777nam a2200265 4500
001 DLU110124724
005 ##20110912
040 # # |a DLU  |b vie 
041 # # |a vie 
044 # # |a vn 
100 # # |a Mai Trang. 
245 # # |a Nghệ thuật cải lương truyền thống gập gềnh trên đường phục hồi /  |c Mai Trang. 
653 # # |a Kịch bản 
653 # # |a Nghệ thuật cải lương 
653 # # |a Sân khấu truyền thống 
773 # # |t Công nghiệp  |g Số 1-2, 2008, tr. 88 
920 # # |a Phòng Tạp chí -- Trung tâm Thông tin - Thư viện Trường Đại học Đà Lạt 
994 # # |a DLU 
900 # # |a True 
911 # # |a Nguyễn Thị Linh Chi 
925 # # |a G 
926 # # |a A 
927 # # |a BB 
980 # # |a Thư viện Trường Đại học Đà Lạt